Classement de Série A par population des villes. - Statistiques

Statistiques générales
  • Ce quiz a été pris 52 fois
  • Le résultat moyen est 15 sur 20
Statistiques - réponses
Position Population Clubs % Correct
3 1 371 000 AC Milan
100%
1 2 762 000 AS Roma
100%
6 849 000 Juventus Turin
98%
4 1 371 000 Inter Milan
94%
5 915 000 Napoli SC
92%
2 2 762 000 Lazio Rome
90%
12 254 000 Venezia FC
88%
10 367 000 Fiorentina ACF
82%
7 849 000 Torino FC
80%
16 120 000 Atalanta Bergame
76%
8 572 000 Genoa FC
74%
14 148 000 Cagliari Calcio
68%
19 83 000 Cômo 1907
64%
13 197 000 Parme Calcio
62%
9 392 000 Bologne FC
60%
11 257 000 Hellas Vérone
60%
17 98 000 Udinese Calcio
54%
18 95 000 Lecce US
48%
20 48 000 Empoli FC
44%
15 122 000 Monza AC
42%
Aucun quiz correspondant
Distribution des résultats
% des personnes avec chaque résultat
Percentile par nombre de réponses
Votre historique - résultats
Vous n’avez pas pris ce quiz